| 000 | 00878nac a22002415a 4500 | ||
|---|---|---|---|
| 008 | 081111s2004 nyua fr 001 0 eng d | ||
| 020 | _a9780743269513 | ||
| 040 |
_aEG-ScBUE _beng _cEG-ScBUE |
||
| 082 | 0 | 4 |
_a158 _bCOV _222 |
| 100 | 1 |
_aCovey, Stephen R. _91038 |
|
| 245 | 1 | 4 |
_aThe 7 habits of highly effective people : _brestoring the character ethic / _cStephen R. Covey. |
| 246 | 3 | 1 | _aSeven habits of highly effective people |
| 246 | 3 | 4 |
_aThe 7 habits of highly effective people : _bpowerful lessons in personal change |
| 260 |
_aNew York : _bFree Press, _c2004. |
||
| 300 |
_a373 p. : _bill. , _c18 cm. |
||
| 500 | _aIncludes index. | ||
| 590 | _aCatalogued by: Mostafa El-Helaly | ||
| 650 | 7 |
_aSuccess _xPsychological aspects. _91039 _2BUEsh |
|
| 650 | 7 |
_aCharacter. _91040 _2BUEsh |
|
| 651 | _2BUEsh | ||
| 653 |
_cAugust2015 _cSeptember2017 _bGGEN |
||
| 942 | _2ddc | ||
| 999 |
_c7831 _d7831 |
||